Memòria de l'Arxiu Municipal de Barcelona : ... ...
Descripción Física:
v. ; 30 cm
Materias:
Arxiu Municipal de Barcelona
MARC
| LEADER | 00000nam a2200000Ia 4500 | ||
|---|---|---|---|
| 001 | 9524, 9642, 10182, 10621, 10908, 11405, 11714, 12026, 12233, 12601, 13056, 14272, 15320, 16559, 17139, 18506 | ||
| 008 | 160829s1991 - xx 000 0 cat d | ||
| 080 | |a A-1-32, A-1-33, A-1-34, A-1-35, A-1-36, A-1-37, A-1-38, A-1-39, A-1-40, A-1-41, A-2-96, A-2-147, A-2-180, A-2-216, A-2-229, A-2-275 | ||
| 110 | 2 | |a Arxiu Municipal de Barcelona |9 55021 | |
| 245 | |a Memòria de l'Arxiu Municipal de Barcelona : |b ... | ||
| 260 | |a Barcelona : |b Ajuntament de Barcelona. Regidoria de Presidència, |c 1991 - | ||
| 300 | |a v. ; |c 30 cm | ||
| 650 | |a Arxiu Municipal de Barcelona | ||
| 710 | 1 | |a Barcelona (Catalunya : Província). |b Diputació |9 52408 | |
| 710 | 1 | |a Barcelona (Catalunya). |b Regidoria de Presidència |9 56270 | |
| 866 | |a 1990, 1991, 1992, 1993, 1994, 1995, 1996, 1997, 1998, 1999, 2000, 2001, 2002, 2003, 2004, 2005 | ||
| 901 | |a Arxiu | ||
| 942 | |n 1 | ||
| 952 | |0 0 |1 0 |4 0 |6 A132_A133_A134_A135_A136_A137_A138_A139_A140_A141_A296_A2147_A2180_A2216_A2229_A2275 |7 1 |9 45402 |a Arxiu |b Arxiu |d 2016-12-01 |l 0 |o A-1-32, A-1-33, A-1-34, A-1-35, A-1-36, A-1-37, A-1-38, A-1-39, A-1-40, A-1-41, A-2-96, A-2-147, A-2-180, A-2-216, A-2-229, A-2-275 |p 9524, 9642, 10182, 1 |r 2016-12-01 00:00:00 |w 2016-12-01 |y ARXIU | ||
| 999 | |c 48509 |d 48509 | ||